logo

Bir Sreshtho Munshi Abdur Rouf Library
Jhenaidah Cadet College

প্রাচীন ভারত / (Record no. 842)

MARC details
000 -LEADER
fixed length control field 00812nam a2200253 a 4500
001 - CONTROL NUMBER
JCCL Control Number 842
003 - CONTROL NUMBER IDENTIFIER
JCCL marc code BD-JhCC
005 - DATE AND TIME OF LATEST TRANSACTION
control field 20171010181241.0
008 - FIXED-LENGTH DATA ELEMENTS--GENERAL INFORMATION
fixed length control field 171010s2015 bg a|||| |||| 000 0 ben d
020 ## - INTERNATIONAL STANDARD BOOK NUMBER
International Standard Book Number 9789848765166
035 ## - SYSTEM CONTROL NUMBER
system control number (BD-JhCC) 842
040 ## - CATALOGING SOURCE
Original cataloging agency BD-JhCC
Modifying agency BD-JhCC
041 ## - LANGUAGE CODE
Language code of Book ben
082 ## - DEWEY DECIMAL CLASSIFICATION NUMBER
Classification number 915.4
Author mark and Year SHA 2015
100 ## - MAIN ENTRY--PERSONAL NAME
Personal name শাহনাওয়াজ, এ কে এম
245 ## - TITLE STATEMENT
Title প্রাচীন ভারত /
Remainder of title এ কে এম শাহনাওয়াজ,
260 ## - PUBLICATION, DISTRIBUTION, ETC. (IMPRINT)
Place of publication, distribution, etc ঢাকা :
Name of publisher, distributor, etc প্রথমা প্রকাশন,
Date of publication, distribution, etc ২০১৫.
300 ## - PHYSICAL DESCRIPTION
Pagination 31 p. :
Other physical details ill. ;
Dimensions 24 cm.
490 ## - SERIES STATEMENT
Series statement প্রাচীন সভ্যতা সিরিজ ৪
651 ## - SUBJECT ADDED ENTRY--GEOGRAPHIC NAME
Geographic name Indus civilization
651 ## - SUBJECT ADDED ENTRY--GEOGRAPHIC NAME
Geographic name Asia
General subdivision Indus River Valley
942 ## - ADDED ENTRY ELEMENTS (KOHA)
Source of classification or shelving scheme Dewey Decimal Classification
Koha item type Books
Holdings
Source of classification or shelving scheme Damaged status Not for loan Home library Current library Shelving location Date of accession Source of acquisition Cost, normal purchase price Total Checkouts Full call number Barcode Date last seen Copy number Koha item type
Dewey Decimal Classification     JCC Rouf Library JCC Rouf Library General Stacks 10/10/2017 IPDC 150.00   915.4 SHA 2015 1656 10/10/2017 C-1 Books

JCC Library | Contacts | JCC Home

Last Update on 23 September 2017
Copyright @ 2017-2020 JCC Rouf Library
Rouf Library, Jhenidah Cadet College (JCC), Bangladesh